000 01825nam0a2200361 i 4500
001 RU\NLR\BIBL_A\010396976
005 20241103082913.0
010 _a9785361001996
_9500
021 _aRU
_b14-24946
035 _a(NILC)RuMoRGB-006773192
035 _a(NLR Aleph) 010396976
090 _a9691933
_c9691933
100 _a20140605d2013 u y0rusy50 ca
101 0 _arus
102 _aRU
105 _aa|||j|||||0||
200 1 _aХимия
_eучебное пособие по дисциплине "Химия" для предвузовского обучения иностранных студентов технических вузов, обучающихся по отраслевому стандарту
_fА А. Слюсарь, Р.Г. Шевцова
_gМ-во образования и науки Рос. Федерации, Белгород. гос. технол. ун-т им. В.Г. Шухова
210 _aБелгород
_cБелгородский государственный технологический университет
_d2013
215 _a267 с.
_cил., табл.
_d29
320 _aБиблиогр.: с. 263 (13 назв.)
606 _aХимия
_jУчебные издания
_9898913
_3RU\NLR\AUTH\666296
606 1 _aСтуденты иностранные
_jУчебные издания
_xПредвузовская подготовка по химии
_92190370
_3RU\NLR\AUTH\6601552516
675 _a54(075.8)
686 1 _aГ1я7
686 1 _aЧ486.57я7
700 1 _aСлюсарь
_bА. А.
_gАнатолий Алексеевич
701 1 _aШевцова
_bР. Г.
_gРаиса Григорьевна
801 0 _aRU
_bRuMoRKP
_c20140407
_gRCR
801 2 _aRU
_bРГБ
_c20140421
_grcr
942 _cBOOK
980 _aNBR